000 00502pab a2200193 454500
008 180718b1996 xxu||||| |||| 00| 0 eng d
100 _aTan, Qingshan
245 _aLocal politics in Taiwan: democratic consolidation
260 _c1996
300 _ap.483-94
362 _aMay
650 _aLocal government - Taiwan
650 _aLocal government
650 _aPolitics and government
700 _aWen-chun Chen
700 _aPeter, Kien-hong Yu
773 _aAsian Survey
909 _a32911
999 _c32911
_d32911